| 000 | 00340 a2200133 4500 | ||
|---|---|---|---|
| 040 |
_aDLC _bDLC |
||
| 082 | _a891.4391 | ||
| 100 | _aFaiz Ahmad Faiz. | ||
| 245 |
_aNuskha Haa-e-Wafa _cFaiz Ahmad Faiz. |
||
| 260 |
_aLahore : _bKarwan Press. |
||
| 300 |
_a703 p. ; _c19 cm. |
||
| 650 | _aUrdu Literature--Poetry. | ||
| 942 |
_cBK _k891.4391 FAI _2ddc |
||
| 999 |
_c5152 _d5152 |
||